000 00542nam a22001937a 4500
003 KOHA_MİRAKIL
005 20250407165215.0
008 250407b tu ||||| |||| 00| 0 tur d
020 _a9786053743774
040 _aTR-AnABB
_btur
_cTR-AnABB
041 _atur
082 _a158.1
_bCUC 2016
100 1 _aCüceloğlu, Doğan,
245 1 0 _aÖğretmen olmak /
_cDoğan Cüceloğlu /
260 _aİstanbul :
_bFinal Kültür Sanat,
_c2016
300 _a205 sayfa ;
_c21 cm
650 0 4 _aTürk edebiyatı, roman
942 _2ddc
_cBK
999 _c8598
_d8598
900 _bGizem YORULMAZ